Online Catalogue and eLibrary

Gender Politics and Post-Communism (Record no. 1579)

MARC details
000 -LEADER
fixed length control field 00593nam a2200217Ia 4500
005 - DATE AND TIME OF LATEST TRANSACTION
control field 20250115054409.0
008 - FIXED-LENGTH DATA ELEMENTS--GENERAL INFORMATION
fixed length control field 240331s9999 xx 000 0 und d
020 ## - INTERNATIONAL STANDARD BOOK NUMBER
ISBN 0415904781
082 ## - DDC Classification
Item Number - Author Mark NAN
DDC Edition Number 5191
Class No. 305.3
245 #0 - TITLE STATEMENT
Title Gender Politics and Post-Communism
Remainder of title Reflections from Eastern Europe and the Former Soviet Union
260 ## - PUBLICATION, DISTRIBUTION, ETC.
Place of publication, distribution, etc. New York
-- London
Name of publisher, distributor, etc. Routledge
Date of publication, distribution, etc. 1993
300 ## - PHYSICAL DESCRIPTION
Extent (e.g. Volumes, Pages etc.) x, 349 p.,
650 ## - SUBJECT ADDED ENTRY--TOPICAL TERM
Topical term or geographic name entry element Gender
650 ## - SUBJECT ADDED ENTRY--TOPICAL TERM
Topical term or geographic name entry element Politics
650 ## - SUBJECT ADDED ENTRY--TOPICAL TERM
Topical term or geographic name entry element Women
650 ## - SUBJECT ADDED ENTRY--TOPICAL TERM
Topical term or geographic name entry element Post-Communism
650 ## - SUBJECT ADDED ENTRY--TOPICAL TERM
Topical term or geographic name entry element Soviet Union
700 ## - ADDED ENTRY--PERSONAL NAME
Personal name Funk, N
Relator term (Role) Editor
700 ## - ADDED ENTRY--PERSONAL NAME
Personal name Mueller, M
Relator term (Role) Editor
942 ## - Koha item type (Biblio)
Koha item type Books in Stacks (Lending)
Holdings
Lost status Damaged status Collection code Home library Current library Shelving location Date acquired Full call number Accession Number Item type
    Lending WERC Library WERC Library Social Science Cupboard 03/31/2024 305.3 GEN 5191 Books in Stacks (Lending)

© WERC Library